Statistics for Top 20 Most Expensive Defenders in Football History

Click here to take the quiz!

General Stats

  • This quiz has been taken 57 times
  • The average score is 10 of 20

Answer Stats

FeeFromToAnswer% Correct
42.000.000€AC MilanParis SGThiago Silva
87%
49,500,000€ChelseaParis SGDavid Luiz
85%
46.000.000€Leeds UnitedManchester UnitedRio Ferdinand
78%
27.000.000€SevillaReal MadridSergio Ramos
65%
44.600.000€ValenciaManchester CityNicolas Otamendi
63%
30.000.000€PortoReal MadridPepe
63%
35.500.000€SevillaBarcelonaDani Alves
59%
30.500.000€PortoManchester CityEliaquim Mangala
57%
35.500.000€DortmundBayern MunichMats Hummels
54%
40.000.000€Athletic BilbaoBayern MunichJavi Martinez
52%
37.500.000€SouthamptonManchester UnitedLuke Shaw
52%
30.000.000€PortoChelseaRicardo Carvalho
43%
30.500.000€LazioAC MilanAlessandro Nesta
39%
38.000.000€VillarrealManchester UnitedEric Bailly
39%
31.400.000€RomaParis SGMarquinhos
33%
28.000.000€AS RomaBayern MunichMedhi Benatia
30%
31.500.000€PortoReal MadridDanilo
28%
30.000.000€BenficaReal MadridFabio Coentrao
28%
27.500.000€EvertonManchester CityJoleon Lescott
28%
41.500.000€ParmaJuventusLilian Thuram
26%

Score Distribution

Percentile by Number Answered

Percent of People with Each Score

Your Score History

You have not taken this quiz